书目信息 |
| 题名: |
真正的战争
|
|
| 作者: | Nixon , 尼克松 著 ;常铮 译 | |
| 分册: | ||
| 出版信息: | 北京 新华出版社 1980 |
|
| 页数: | 391页 | |
| 开本: | 21cm | |
| 丛书名: | ||
| 单 册: | ||
| 中图分类: | D518 , D771.2 | |
| 科图分类: | ||
| 主题词: | 国际斗争:政治斗争 , 政治 , 政治斗争:国际斗争 | |
| 电子资源: | ||
| ISBN: | ||
| 000 | 00851nam0 2200313 45 | |
| 001 | 0180007791 | |
| 005 | 20060802102519.32 | |
| 010 | @dCNY1.00 | |
| 091 | @a3203.004 | |
| 100 | @a19950531d1980 emky0chiy0121 ea | |
| 101 | 1 | @achi@ceng |
| 102 | @aCN@b110000 | |
| 105 | @ay z 000yy | |
| 200 | 10 | @a真正的战争@Azhen zheng de zhan zheng@f(美)尼克松(Richard Nixon)著@g常铮译 |
| 210 | @a北京@c新华出版社@d1980 | |
| 215 | @a391页@d21cm | |
| 300 | @a书名原文:The real war | |
| 510 | 1 | @aThe real war@eng |
| 606 | @a国际斗争:政治斗争 | |
| 606 | 0 | @a政治 |
| 606 | @a政治斗争:国际斗争 | |
| 690 | @aD518@v3 | |
| 690 | @aD771.2 | |
| 701 | A1 | @aNixon@bR.@4著 |
| 701 | 1 | @a尼克松@Ani ke song@bR.@4著 |
| 702 | 0 | @a常铮@Achang zheng@4译 |
| 801 | 2 | @aCN@bNLC@c20060802 |
| 801 | 0 | @aCN@b上海图书馆@c20040331 |
| 905 | @f1@b41326@dD771.2@e268 | |
| 真正的战争/(美)尼克松(Richard Nixon)著/常铮译.-北京:新华出版社,1980 |
| 391页;21cm |
| 书名原文:The real war |
| ISBN :CNY1.00 |
| ● |
| 相关链接 |
|
|
|
|
正题名:真正的战争
索取号:D771.2/268
 
预约/预借
| 序号 | 登录号 | 条形码 | 馆藏地/架位号 | 状态 | 备注 |
| 1 | 0041325 | 000365018 | 第一样本阅览室/ [索取号:D771.2/268] | 在馆 | |
| 2 | 0041326 | 001925714 | 密集书库/ [索取号:D771.2/268] | 在馆 | |
| 3 | 0441061 | 204410618 | 密集书库/ [索取号:D771.2/268] | 在馆 |